الجريمة و التنمية

محفوظ في:

المؤلف الرئيسي: حسني درويش عبد الحميد.

التنسيق: كتاب

اللغة: Undetermined

منشور في: Miṣr Dār al-Maʻārif bi-Misr 1984

الوسوم: إضافة وسم

لا توجد وسوم, كن أول من يضع وسما على هذه التسجيلة!

رقم الطلب: O80 ABD ELH

LEADER 00414nam a2200133Ia 4500
008 240404s9999||||xx |||||||||||||| ||und||
020 |a 9770210056 
050 4 |a O80 ABD ELH 
100 1 |a حسني درويش عبد الحميد. 
245 1 0 |a الجريمة و التنمية  |c حسني درويش عبد الحميد 
264 1 |a Miṣr  |b Dār al-Maʻārif bi-Misr  |c 1984 
300 |a 110  |c 16 
942 |2 lcc  |c BK 
999 |c 58080  |d 58080